Sự tương tác về hành vi hỏi - đáp qua lời thoại trong Tắt đèn và Lều chõng của Ngô Tất Tố
Những vấn đề lý luận liên quan đến đề tài. Các kiểu tương tác về hành vi hỏi - đáp qua lời thoại trong Tắt đèn và Lều chõng của Ngô Tất Tố. Vai trò, tác dụng của sự tương tác về hành vi hỏi – đáp qua lời thoại trong Tắt đèn và Lều chõng của Ngô Tất Tố....
Shranjeno v:
| Glavni avtor: | |
|---|---|
| Drugi avtorji: | |
| Format: | Knjiga |
| Jezik: | Vietnamese |
| Izdano: |
Đà Nẵng
Đại học Sư phạm, Đại học Đà Nẵng
2012
|
| Teme: | |
| Oznake: |
Označite
Brez oznak, prvi označite!
|
| Thư viện lưu trữ: | Mạng thư viện Đại học Đà Nẵng |
|---|
| LEADER | 01960nam a2200349 4500 | ||
|---|---|---|---|
| 001 | 000017068 | ||
| 003 | 13479 | ||
| 005 | 20130228090227.0 | ||
| 008 | 130228s2012 viesd | ||
| 041 | 0 | |a vie | |
| 082 | |a 895.9223 |b NG-T | ||
| 100 | 1 | |a Nguyễn Thị Tiễn | |
| 245 | |a Sự tương tác về hành vi hỏi - đáp qua lời thoại trong Tắt đèn và Lều chõng của Ngô Tất Tố |c Nguyễn Thị Tiễn ; Nguyễn Thị Thân hướng dẫn |k Khóa luận tốt nghiệp | ||
| 260 | |a Đà Nẵng |b Đại học Sư phạm, Đại học Đà Nẵng |c 2012 | ||
| 300 | |a 69 tr. |c 29 cm. |e Đĩa CD, bản tóm tắt | ||
| 500 | |a Khóa luận tốt nghiệp đại học. Chuyên ngành: Sư phạm Ngữ văn | ||
| 504 | |a Mục lục đầu trang, tài liệu tham khảo tr. 73 - 74, phụ lục [13 tr.] | ||
| 520 | |a Những vấn đề lý luận liên quan đến đề tài. Các kiểu tương tác về hành vi hỏi - đáp qua lời thoại trong Tắt đèn và Lều chõng của Ngô Tất Tố. Vai trò, tác dụng của sự tương tác về hành vi hỏi – đáp qua lời thoại trong Tắt đèn và Lều chõng của Ngô Tất Tố. | ||
| 600 | 1 | 4 | |a Ngô Tất Tố |b Vua |c Đinh Tiên Hoàng |d 1894-1954 |t Tắt đèn, Lều chõng |
| 650 | 0 | 4 | |a Truyện ngắn Việt Nam |v Khóa luận tốt nghiệp |x Nghiên cứu |z Việt Nam |
| 653 | |a Khoa Ngữ văn |a Truyện ngắn | ||
| 700 | |a Nguyễn Thị Thân |e Hướng dẫn | ||
| OWN | |a LSP | ||
| AVA | |a UDN50 |b LSP |d 895.9223 NG-T |e available |t Error 5001 Not defined in file expand_doc_bib_avail. |f 1 |g 0 |h N |i 0 |k 1 | ||
| 999 | |a From the UDN01 | ||
| AVA | |a UDN50 |b LSP |d 895.9223 NG-T |e available |t Error 5001 Not defined in file expand_doc_bib_avail. |f 1 |g 0 |h N |i 0 |k 1 | ||
| TYP | |a Monograph | ||
| TYP | |a Printed language | ||
| 980 | |a Mạng thư viện Đại học Đà Nẵng | ||